000 00341nam a2200145Ia 4500
008 150201s2002 xx 000 0 und d
082 _a613.71
_bT02K
100 _aKISNER , CAROLYN
245 _aTHERAPCUTIC EXERCISE
250 _a4TH
260 _bJAYPEE
_aINDIA
_c2002
300 _a1-844
650 _aPHYSIOTHERAPY
942 _2ddc
_cBK
_023
999 _c1477
_d1477